Online
Catalog

Vida pasión y muerte del inmortal Roberto Clemente / (Record no. 44049)

MARC details
000 -CABECERA
campo de control de longitud fija 00476nam a2200145 a 4500
001 - NÚMERO DE CONTROL
campo de control 000044560
005 - FECHA Y HORA DE LA ÚLTIMA TRANSACCIÓN
campo de control 20201002045449.0
008 - DATOS DE LONGITUD FIJA--INFORMACIÓN GENERAL
campo de control de longitud fija 140716s1974 xxuac 000 0 spa d
040 ## - FUENTE DE LA CATALOGACIÓN
Centro catalogador/agencia de origen DO-SdBNP
Lengua de catalogación spa
Centro/agencia transcriptor BNPHU
082 ## - NÚMERO DE LA CLASIFICACIÓN DECIMAL DEWEY
Número de clasificación xxxx
Número de documento/Ítem xxxx
100 1# - ENTRADA PRINCIPAL--NOMBRE DE PERSONA
Nombre de persona Angulo Rivera, Rafael
9 (RLIN) 72578
245 10 - MENCIÓN DE TÍTULO
Título Vida pasión y muerte del inmortal Roberto Clemente /
Mención de responsabilidad, etc. Rafael Angulo Rivera, Jesus M. Ayuso Rosario.
260 ## - PUBLICACIÓN, DISTRIBUCIÓN, ETC.
Lugar de publicación, distribución, etc. [S. l.] :
Nombre del editor, distribuidor, etc. s.n.,
Fecha de publicación, distribución, etc. [1974?].
300 ## - DESCRIPCIÓN FÍSICA
Extensión 190 p. :
Otras características físicas il., retrs. ;
Dimensiones 21 cm.
Holdings
Estado de retiro Estado de pérdida Restricciones de uso No para préstamo Código de colección Localización permanente Ubicación/localización actual Ubicación en estantería Fecha de adquisición Número de inventario Total de préstamos Signatura topográfica completa Código de barras Fecha visto por última vez Precio válido a partir de Tipo de ítem Koha Número de copia
      Excluido de préstamo Monografías: Libros y Folletos General General En catalogación 16.07.2014 LF1   xxxx xxxx 44560-10 25.06.2020 25.06.2020 No se presta  
      Excluido de préstamo Monografías: Libros y Folletos General General En catalogación 16.07.2014 LF1   xxxx xxxx 44560-20 25.06.2020 25.06.2020 No se presta e. 2

Powered by Koha